Host cities of the 2011 Rugby World Cup on a map. - Statistics

General Stats
  • This quiz has been taken 55 times
  • The average score is 6 of 11
Answers on the Map
Answers color-coded by a green-red scale on the quiz's map according to % correct below.
 
Answer Stats
Cities % Correct
Auckland
93%
Wellington
93%
Dunedin
71%
Hamilton
60%
Napier
56%
New Plymouth
51%
Invercargill
47%
Nelson
47%
Rotorua
47%
Palmerston North
44%
Whangarei
40%
No matching quizzes found
Score Distribution
Percent of People with Each Score
Percentile by Number Answered
Your Score History
You have not taken this quiz